Charles Rennie Mackintosh 1868-1928

Guardado en:
Detalles Bibliográficos
Autores principales: Fiell, Charlotte (Autor), Fiell, Peter (Autor)
Formato: Libro
Lenguaje:alemán
Publicado: Koln : Taschen
Materias:
Etiquetas: Agregar Etiqueta
Sin Etiquetas, Sea el primero en etiquetar este registro!

MARC

LEADER 00000nam a22000003a 4500
001 stu13680
005 20150617225759.7
008 960911s--------gw------------------ger-d
040 |a STU  |b slo 
041 0 |a ger 
044 |a gw 
100 1 |a Fiell, Charlotte  |4 aut 
245 1 |a Charles Rennie Mackintosh 1868-1928 
260 |a Koln :  |b Taschen 
300 |a 175 s 
650 7 |a architekti európski  |2 stusub 
700 1 |a Fiell, Peter  |4 aut 
996 |b 284AU02635  |c A*2921 U  |l AAKNST  |s P  |a 0  |w stu13680_0001 
996 |b 284AU01562  |c A*4169 U  |l AAKNAR  |s A  |a 24  |w stu13680_0002